Instructor's manual to accompany Computers and information systems / (Record no. 153657)

MARC details
000 -LEADER
fixed length control field 00839nam a2200253Ia 4500
008 - FIXED-LENGTH DATA ELEMENTS--GENERAL INFORMATION
fixed length control field
049 ## - LOCAL HOLDINGS (OCLC)
Holding library MAIN
090 ## - LOCALLY ASSIGNED LC-TYPE CALL NUMBER (OCLC); LOCAL CALL NUMBER (RLIN)
Classification number (OCLC) (R) ; Classification number, CALL (RLIN) (NR) QA76.5
Local cutter number (OCLC) ; Book number/undivided call number, CALL (RLIN) BUR
003 - CONTROL NUMBER IDENTIFIER
control field
005 - DATE AND TIME OF LATEST TRANSACTION
control field 20230123133729.0
040 ## - CATALOGING SOURCE
Transcribing agency NUST
100 1# - MAIN ENTRY--PERSONAL NAME
Personal name Burstein, Jerome S.
245 10 - TITLE STATEMENT
Title Instructor's manual to accompany Computers and information systems /
Statement of responsibility, etc. Jerome S. Burstein.
260 ## - PUBLICATION, DISTRIBUTION, ETC.
Place of publication, distribution, etc. New York :
Name of publisher, distributor, etc. Holt, Rinehart & Winston,
Date of publication, distribution, etc. c1986.
300 ## - PHYSICAL DESCRIPTION
Extent 360 p. :
Other physical details ill. ;
Dimensions 28 cm.
650 #0 - SUBJECT ADDED ENTRY--TOPICAL TERM
Topical term or geographic name entry element Electronic digital computers.
650 #0 - SUBJECT ADDED ENTRY--TOPICAL TERM
Topical term or geographic name entry element Computer software.
650 #0 - SUBJECT ADDED ENTRY--TOPICAL TERM
Topical term or geographic name entry element Information storage and retrieval systems.
700 1# - ADDED ENTRY--PERSONAL NAME
Personal name Burstein, Jerome S.
Title of a work Computers and information systems.
740 0# - ADDED ENTRY--UNCONTROLLED RELATED/ANALYTICAL TITLE
Uncontrolled related/analytical title Computers and information systems.
907 ## - LOCAL DATA ELEMENT G, LDG (RLIN)
a .b10042611
b 15-01-13
c 17-04-03
994 ## -
-- 92
-- ZNA
942 ## - ADDED ENTRY ELEMENTS (KOHA)
Koha item type Ordinary Loan Books
Call number prefix QA76.5
Call number suffix BUR
Holdings
Date last seen Total Checkouts Full call number Barcode Cost, replacement price Price effective from Koha item type Lost status Source of classification or shelving scheme Damaged status Not for loan Collection Withdrawn status Home library Current library Shelving location Date acquired Cost, normal purchase price
01/23/2023 57 QA76.5 BUR 92003023846 80.00 01/23/2023 BOOKS   LCC     NFIC   MAIN MAIN GEN 01/23/2023 80.00